Long and Lost Lyrics (Florence + the Machine) - Statistics

General Stats
  • This quiz has been taken 83 times
  • The average score is 161 of 181
Answer Stats
Lyrics % Correct
and
100%
I
100%
in
100%
it
100%
long
100%
Lost
100%
lost
100%
me
100%
so
100%
the
100%
you
100%
is
97%
are
95%
can
95%
late
95%
to
95%
too
95%
your
95%
all
92%
be
92%
come
92%
forgive
92%
home
92%
its
92%
it's
92%
missing
92%
on
92%
bridges
89%
city
89%
love
89%
sad
89%
song
89%
hear
87%
I'll
87%
old
87%
stone
87%
been
84%
running
84%
those
84%
but
82%
now
82%
where
82%
why
82%
without
82%
belong
79%
that
79%
came
76%
figured
76%
out
76%
we
76%
will
76%
blood
74%
hills
74%
there
74%
cover
71%
fog
71%
surround
71%
hollow
68%
need
68%
wonder
68%
spoke
66%
words
66%
clouds
63%
night
63%
pull
61%
these
61%
between
58%
hope
50%
chills
32%
dark
32%
hot
32%
shore
32%
No matching quizzes found
Score Distribution
Percent of People with Each Score
Percentile by Number Answered
Your Score History
You have not taken this quiz